| 000 -LEADER |
| fixed length control field |
00536nam a22001697a 4500 |
| 003 - CONTROL NUMBER IDENTIFIER |
| control field |
OSt |
| 005 - DATE AND TIME OF LATEST TRANSACTION |
| control field |
20181206111913.0 |
| 008 - FIXED-LENGTH DATA ELEMENTS--GENERAL INFORMATION |
| fixed length control field |
180320b xxu||||| |||| 00| 0 spa d |
| 040 ## - CATALOGING SOURCE |
| Transcribing agency |
PJ |
| 100 ## - ASIENTO PRINCIPAL - NOMBRE DE PERSONA |
| 9 (RLIN) |
146 |
| Personal name |
Holmes, Oliver Wendell |
| 245 ## - MENCIÓN DE TÍTULO |
| Título propiamente dicho |
La senda del derecho / |
| Mención de responsabilidad, etc |
Oliver Wendell Holmes; prólogo de Eduardo Angel Russo. |
| 260 ## - PUBLICATION, DISTRIBUTION, ETC. (IMPRINT) |
| Place of publication, distribution, etc |
Buenos Aires : |
| Name of publisher, distributor, etc |
Abeledo - Perrot, |
| Date of publication, distribution, etc |
1975. |
| 300 ## - DESCRIPCION FISICA |
| Extent |
52 p. ; |
| 500 ## - NOTA GENERAL |
| General note |
Bibliografía y notas al final del texto. |
| 650 ## - ASIENTO SECUNDARIO DE MATERIA - TERMINO TEMATICO |
| Topical term or geographic name as entry element |
DERECHO EN GENERAL |
| 9 (RLIN) |
209 |
| 942 ## - ADDED ENTRY ELEMENTS (KOHA) |
| Source of classification or shelving scheme |
|
| Koha item type |
Libros |
| Classification part |
340.11 |
| Item part |
HOL |